| 000 | 00780cab a2200241 4500 | ||
|---|---|---|---|
| 001 | WB3202-28 | ||
| 008 | 090401t1996 xxu||||| |||| 00| 0 eng d | ||
| 035 | _a(Sirsi) u60484 | ||
| 041 | _aeng | ||
| 245 | _aVirtual corporations | ||
| 260 | _c1996 | ||
| 350 | _a0 | ||
| 490 |
_aIndependent _v11 January 1996, 2.20(1) |
||
| 520 | _aDescribes how the `virtual` corporation can be created using advanced technology. Uses Nationwide Anglia`s Interact scheme for providing financial services as an example. | ||
| 650 | _aFRONT-OFFICES | ||
| 650 | _aNATIONWIDE ANGLIA | ||
| 650 | _aSTOREFRONTS | ||
| 650 | _aVIRTUAL CORPORATIONS | ||
| 650 | _aVIRTUAL ORGANISATIONS | ||
| 690 | _aMANAGEMENT-BUSINESS MANAGEMENT-INFORMATION MANAGEMENT | ||
| 942 | _n0 | ||
| 948 | _c04/03/1997 | ||
| 999 |
_c37314 _d37314 |
||